| 000 | 00799 am a22002535a 4500 | ||
|---|---|---|---|
| 001 | 016457039 | ||
| 003 | OSt | ||
| 005 | 20160830154730.0 | ||
| 008 | 130524s2015 enka frb f001 0 eng d | ||
| 020 | _a9781107672529 (paperback) | ||
| 040 |
_aStDuBDS _beng _cStDuBDS _dUk _dEG-ScBUE |
||
| 043 | _ae------ | ||
| 082 | 0 | 4 |
_222 _a320.019 _bTIL |
| 100 | 1 |
_aTileagă, Cristian, _d1975- _939818 |
|
| 245 | 1 | 0 |
_aPolitical psychology : _bcritical perspectives / _cCristian Tileagă. |
| 260 |
_aCambridge : _bCambridge University Press, _c2015. |
||
| 300 |
_ax, 232 p. : _bill. ; _c24 cm. |
||
| 500 | _aIndex : p. [228]-232. | ||
| 504 | _aBibliography : p. 190-227. | ||
| 650 | 7 |
_aPolitical psychology _zEurope. _2BUEsh _940979 |
|
| 651 | _2BUEsh | ||
| 653 |
_bBUSBOL _cApril2016 _cAugust 2016 |
||
| 942 | _2ddc | ||
| 999 |
_c21624 _d21596 |
||